Tradicionalidad del canto apoetado

Zapisane w:
Opis bibliograficzny
1. autor: López, Carmen (autora)
Format: Książka
Język:hiszpański
Wydane: Santiago Kalam 1985
Hasła przedmiotowe:
Etykiety: Dodaj etykietę
Nie ma etykietki, Dołącz pierwszą etykiete!

MARC

LEADER 00000nam a2200000 a 4500
001 UCN8836
003 CL-VaPUC
008 011123e19850000cl |||||||||||||||||spa|d
082 0 4 |a 398.2  |b LOP  |2 21 
100 |a López, Carmen  |e autora  |9 465382 
245 1 0 |a Tradicionalidad del canto apoetado 
300 |a 32 h 
942 |c BK 
945 |d 20011123 00:00:00  |a vberengu 
260 |a Santiago  |b Kalam  |c 1985 
650 0 |a Folklore chileno  |9 265536 
650 0 |a Literatura folklórica  |9 306605 
651 7 |a CHILE  |2 CL-VaPUC  |9 465383 
583 |a last modification  |c 20171116 04:59:18  |k Rodrigo Vera 
999 |c 298580  |d 298578 
952 |0 0  |1 0  |4 0  |6 398_200000000000000_LOP_1985  |7 0  |8 X  |9 354262  |a FDOMLP  |b FDOMLP  |d 2019-11-21  |i 3752836  |o 398.2 LOP 1985  |p 3752836  |r 2019-11-21  |w 2019-11-21  |y BK_X  |k BU2